[Event "X Weekend A"]
[Site "Gorgonzola ITA"]
[Date "2005.11.20"]
[Round "6"]
[White "Bertazzo, Giorgio"]
[Black "Barlocco, Carlo"]
[Result "1/2-1/2"]
[WhiteElo "2137"]
[BlackElo "2224"]
[PlyCount "87"]
[EventDate "2005.11.12"]

1. e4 Nc6 2. Nc3 e6 3. d4 Bb4 4. a3 Bxc3+ 5. bxc3 d6 6. Nf3 Nge7 7. Bd3 e5 8.
O-O Bg4 9. Be3 O-O 10. h3 Bd7 11. a4 f5 12. dxe5 Nxe5 13. Nxe5 dxe5 14. Bg5 f4
15. Qb1 h6 16. Bxe7 Qxe7 17. Qxb7 f3 18. Qxc7 Rac8 19. Qxa7 Qg5 20. g3 Bxh3 21.
Rfb1 Kh8 22. Rb7 Ra8 23. Qc5 Rae8 24. Qc7 Rg8 25. Bf1 Bxf1 26. Rxf1 Qh5 27. Qf7
Qg4 28. Qf5 Qxf5 29. exf5 Rc8 30. Re1 Rxc3 31. Rxe5 Rxc2 32. Re3 Ra2 33. Ra7
Rc8 34. Rxf3 Rc6 35. Rf4 Rf6 36. Kg2 h5 37. Kf3 Rb6 38. Kg2 Rc6 39. Ra5 Rb6 40.
Ra7 Rc6 41. Kh3 Ra1 42. Kg2 Ra2 43. Ra5 Rb6 44. Ra7 1/2-1/2

[Event "X Weekend A"]
[Site "Gorgonzola ITA"]
[Date "2005.11.20"]
[Round "6"]
[White "Bonazzi, Edoardo"]
[Black "Brigati, Alessandro"]
[Result "1-0"]
[WhiteElo "2161"]
[BlackElo "2006"]
[PlyCount "113"]
[EventDate "2005.11.12"]

1. Nf3 Nf6 2. c4 g6 3. Nc3 Bg7 4. g3 c5 5. Bg2 Nc6 6. O-O O-O 7. d4 cxd4 8.
Nxd4 Nxd4 9. Qxd4 d6 10. Qd3 Bf5 11. e4 Be6 12. Bd2 Rc8 13. b3 Nd7 14. Rac1 Ne5
15. Qe3 Nc6 16. h3 a6 17. Rfe1 Rc7 18. Nd5 Rc8 19. Bc3 Bxd5 20. Bxg7 Kxg7 21.
cxd5 Ne5 22. Rxc8 Qxc8 23. Rc1 Qb8 24. Qc3 Kg8 25. Kh2 Rd8 26. f4 Nd7 27. h4 b6
28. b4 b5 29. Qc7 Kf8 30. Qxb8 Rxb8 31. Rc7 Nb6 32. Rc6 Ke8 33. Kg1 Kd7 34. Kf2
e6 35. e5 dxe5 36. dxe6+ fxe6 37. fxe5 Nc4 38. Rxa6 Nxe5 39. Ra7+ Kd6 40. Ra6+
Ke7 41. Bf1 Kf6 42. Ra5 Nc6 43. Rxb5 Rxb5 44. Bxb5 Nxb4 45. a4 g5 46. h5 g4 47.
Ke3 Kg5 48. Kd4 Kxh5 49. Kc5 Nd5 50. a5 Kg5 51. a6 Nc7 52. a7 e5 53. Kc6 Na8
54. Kb7 h5 55. Kxa8 h4 56. gxh4+ Kxh4 57. Bc6 1-0

[Event "X Weekend A"]
[Site "Gorgonzola ITA"]
[Date "2005.11.20"]
[Round "6"]
[White "Bozzali, Ermanno"]
[Black "Facchetti, Gianni"]
[Result "0-1"]
[WhiteElo "2108"]
[BlackElo "2123"]
[PlyCount "96"]
[EventDate "2005.11.12"]

1. e4 e5 2. Nf3 Nc6 3. Bb5 Bc5 4. c3 Nf6 5. O-O O-O 6. d4 Bb6 7. Re1 exd4 8. e5
Ne8 9. cxd4 d5 10. Nc3 Ne7 11. h3 c6 12. Bd3 Nc7 13. Qe2 h6 14. Na4 Ne6 15.
Nxb6 axb6 16. Be3 c5 17. Qd2 Nc6 18. dxc5 bxc5 19. Bxh6 Qa5 20. Qxa5 Rxa5 21.
Bd2 Ra8 22. a3 Ncd4 23. Nxd4 Nxd4 24. Rad1 Bd7 25. Re3 Ba4 26. Rf1 c4 27. Bb1
Nb3 28. Bb4 Rfe8 29. f4 d4 30. Rg3 d3 31. Bc3 Rad8 32. f5 Nd4 33. Rg4 Ne2+ 34.
Kh2 Nxc3 35. bxc3 Rxe5 36. f6 g6 37. Rxc4 b5 38. Rg4 Bb3 39. Rff4 Re1 40. Bxd3
Rxd3 41. h4 Re5 42. Rd4 Rxc3 43. Rd8+ Kh7 44. Rgd4 Rc6 45. g4 Rxf6 46. g5 Rc6
47. Rb8 Re2+ 48. Kg3 Rc3+ 0-1

[Event "X Weekend A"]
[Site "Gorgonzola ITA"]
[Date "2005.11.20"]
[Round "6"]
[White "Bressanelli, Roberto"]
[Black "Ranola, Yves"]
[Result "0-1"]
[WhiteElo "2102"]
[BlackElo "2455"]
[PlyCount "110"]
[EventDate "2005.11.12"]

1. e4 c5 2. Nf3 Nc6 3. c3 Nf6 4. e5 Nd5 5. d4 cxd4 6. cxd4 d6 7. Bc4 Nb6 8. Bb5
dxe5 9. Nxe5 Bd7 10. Nxd7 Qxd7 11. Nc3 Rd8 12. Be3 g6 13. Qf3 Bg7 14. O-O O-O
15. Rfd1 Nd5 16. Rac1 Nc7 17. Bxc6 bxc6 18. Ne2 Nd5 19. g3 Rb8 20. b3 Rfd8 21.
Qe4 Rb5 22. Nf4 Nxf4 23. Qxf4 Rd5 24. Re1 Bxd4 25. Bxd4 Rxd4 26. Qe3 e6 27. Qc3
Rd2 28. a4 Rb8 29. Rc2 Rd3 30. Qxc6 Qxc6 31. Rxc6 Rdxb3 32. Re2 R8b7 33. h4 h5
34. Kg2 Kf8 35. Rd2 Ke7 36. Ra6 R3b6 37. Ra5 Rc6 38. Kf3 a6 39. Ke4 Rb4+ 40.
Kf3 Rbc4 41. Rb2 Rc3+ 42. Kg2 R3c5 43. Rb7+ Kf6 44. Rxc5 Rxc5 45. Rb6 Ra5 46.
Rb4 Ke5 47. Kf3 Kd6 48. g4 hxg4+ 49. Kxg4 Ke7 50. Rb7+ Kf6 51. Rb4 Rc5 52. f4
a5 53. Re4 Kg7 54. Rd4 Rc1 55. Kg3 Rc3+ 0-1

[Event "X Weekend A"]
[Site "Gorgonzola ITA"]
[Date "2005.11.20"]
[Round "6"]
[White "Cazzaniga, Walter"]
[Black "Piantoni, Roberto"]
[Result "1-0"]
[WhiteElo "2104"]
[BlackElo "2153"]
[PlyCount "79"]
[EventDate "2005.11.12"]

1. d4 Nf6 2. c4 c5 3. d5 b5 4. cxb5 a6 5. bxa6 Bxa6 6. Nc3 g6 7. Nf3 d6 8. g3
Bg7 9. Bg2 Nbd7 10. O-O Nb6 11. Re1 O-O 12. e4 Nfd7 13. Qc2 Nc4 14. Bf4 Qa5 15.
Rec1 Rfb8 16. Rab1 Ra7 17. Nd2 Nce5 18. Bf1 Bxf1 19. Rxf1 Qa6 20. Bxe5 Nxe5 21.
b3 Rb4 22. a4 Rd4 23. Kg2 Bh6 24. Rfd1 Rb7 25. Nb5 Rb4 26. f4 Ng4 27. Re1 Bg7
28. Nc4 Nf6 29. Qd3 Rd7 30. Rbd1 h6 31. Qf3 Ne8 32. e5 Rxc4 33. bxc4 Qxa4 34.
Qd3 Qa2+ 35. Re2 Qa8 36. e6 fxe6 37. Rxe6 Nf6 38. Rde1 Kf7 39. R1e2 Qb7 40.
Rxe7+ 1-0

[Event "X Weekend A"]
[Site "Gorgonzola ITA"]
[Date "2005.11.20"]
[Round "6"]
[White "Magrini, Fabrizio"]
[Black "Virzi, Ettore"]
[Result "1-0"]
[WhiteElo "2067"]
[BlackElo "2001"]
[PlyCount "115"]
[EventDate "2005.11.12"]

1. e4 e5 2. Nf3 Nc6 3. Bc4 Nf6 4. d3 Be7 5. O-O O-O 6. Re1 d6 7. Nbd2 Na5 8.
Bb3 Re8 9. Nf1 Nxb3 10. axb3 Bf8 11. Bd2 Bd7 12. Ng3 g6 13. Qc1 a6 14. h3 Bg7
15. Bg5 Qc8 16. Nh2 Rf8 17. f4 h6 18. Bxf6 Bxf6 19. fxe5 Bxe5 20. Ngf1 Bg7 21.
c3 Be6 22. b4 Qd7 23. d4 c6 24. Ne3 Qc7 25. Nhg4 Bxg4 26. Nxg4 h5 27. Nf2 Rae8
28. Ra5 Qd7 29. Nd3 Kh7 30. Qd1 f5 31. e5 dxe5 32. Nxe5 Bxe5 33. Raxe5 Rxe5 34.
dxe5 Qxd1 35. Rxd1 Re8 36. Rd7+ Kh6 37. Rxb7 Rxe5 38. Rb6 c5 39. bxc5 Rxc5 40.
Rxa6 h4 41. Ra4 g5 42. Rd4 Rb5 43. b4 Kh5 44. Rc4 Rd5 45. Rd4 Rb5 46. Kf2 f4
47. Rd2 g4 48. hxg4+ Kxg4 49. Rb2 Rh5 50. b5 h3 51. Kg1 Kg3 52. gxh3 f3 53. b6
Rd5 54. Rb1 Rd2 55. b7 Rg2+ 56. Kf1 Kh2 57. b8=Q+ Kh1 58. Qb7 1-0

[Event "X Weekend A"]
[Site "Gorgonzola ITA"]
[Date "2005.11.20"]
[Round "6"]
[White "Manzoni, Alessandro"]
[Black "Cervini, Gian Piero"]
[Result "1-0"]
[WhiteElo "2074"]
[BlackElo "2028"]
[PlyCount "35"]
[EventDate "2005.11.12"]

1. e4 d6 2. d4 Nf6 3. Nc3 g6 4. h3 Nbd7 5. Be3 e5 6. d5 c6 7. Qd3 Qc7 8. O-O-O
Nb6 9. f4 exf4 10. Bxf4 cxd5 11. exd5 Bf5 12. Qe2+ Qe7 13. Qb5+ Bd7 14. Qb4 Nh5
15. Bd2 Qf6 16. Re1+ Kd8 17. Ne4 Nxd5 18. Qa5+ 1-0

[Event "X Weekend A"]
[Site "Gorgonzola ITA"]
[Date "2005.11.20"]
[Round "6"]
[White "Salvador, Roland"]
[Black "Tencati, Giuseppe"]
[Result "1-0"]
[WhiteElo "2397"]
[BlackElo "2132"]
[PlyCount "59"]
[EventDate "2005.11.12"]

1. d4 d5 2. Nf3 c6 3. c4 e6 4. Nc3 dxc4 5. g3 b5 6. Bg2 Bb7 7. O-O Nd7 8. e4
Ngf6 9. Re1 Be7 10. b3 b4 11. e5 Nd5 12. Ne4 c3 13. Bg5 O-O 14. Qc2 h6 15. Bxe7
Qxe7 16. Nd6 Rfb8 17. Nh4 c5 18. Be4 cxd4 19. Bh7+ Kh8 20. Bg6 Nxe5 21. Rxe5
Qxd6 22. Bxf7 Ne7 23. Rxe6 d3 24. Qd1 Qxe6 25. Bxe6 Be4 26. Qg4 Bh7 27. Nf3 Rd8
28. Ne5 Bg8 29. Bxg8 Kxg8 30. Qc4+ 1-0

[Event "VIII Weekend A"]
[Site "Porto Sant'Elpidio ITA"]
[Date "2005.11.19"]
[Round "1"]
[White "Allegranti, Luca"]
[Black "Fioravanti, Diego"]
[Result "1-0"]
[WhiteElo "2024"]
[BlackElo "2152"]
[PlyCount "109"]
[EventDate "2005.11.19"]

1. d4 c5 2. e3 cxd4 3. exd4 d5 4. Bd3 Nc6 5. c3 Nf6 6. Nd2 Bg4 7. Ngf3 e6 8.
Qa4 Bd6 9. Ne5 Qc7 10. f4 O-O 11. O-O Bh5 12. Ndf3 Ne4 13. Bxe4 dxe4 14. Ng5
Bxe5 15. fxe5 Be2 16. Re1 b5 17. Qa6 Bd3 18. Nxe4 Rab8 19. Nc5 Bg6 20. b4 Rb6
21. Qa3 Ne7 22. Qb2 Nd5 23. a4 f6 24. axb5 fxe5 25. Rxe5 Qf7 26. Be3 Rxb5 27.
Nxe6 Nxe3 28. Rxe3 Re8 29. Rae1 Rf5 30. c4 Rf6 31. d5 Bf5 32. Qe2 Bxe6 33. Rxe6
Rfxe6 34. dxe6 Qe7 35. b5 Qc5+ 36. Kh1 Qe7 37. h3 h6 38. Qe5 Qf6 39. Qd5 Qf2
40. e7+ Qf7 41. Qd7 Kh7 42. c5 Qf2 43. Ra1 Qb2 44. Re1 Qf2 45. Qd3+ Kg8 46. Qe3
Qf5 47. Qe6+ Qxe6 48. Rxe6 Kf7 49. Re1 Rxe7 50. Rxe7+ Kxe7 51. Kh2 Ke6 52. Kg3
Kd5 53. b6 axb6 54. cxb6 Kc6 55. Kf4 1-0

[Event "VIII Weekend A"]
[Site "Porto Sant'Elpidio ITA"]
[Date "2005.11.19"]
[Round "1"]
[White "Cerusico, Carlo"]
[Black "Di Donatantonio, Franco"]
[Result "0-1"]
[WhiteElo "1466"]
[BlackElo "2027"]
[PlyCount "62"]
[EventDate "2005.11.19"]

1. d4 c5 2. e3 Nf6 3. Nf3 b6 4. Nbd2 Bb7 5. Bd3 g6 6. O-O Bg7 7. Re1 Nc6 8. c3
O-O 9. e4 e6 10. Nc4 d5 11. exd5 Nxd5 12. Nce5 cxd4 13. Nxc6 Bxc6 14. Nxd4 Bb7
15. Nf3 h6 16. a3 Qc7 17. c4 Nf4 18. Bxf4 Qxf4 19. Rb1 Rfd8 20. Qe2 Rac8 21.
Nd2 Qd4 22. Be4 Bxe4 23. Nxe4 Qxc4 24. Qxc4 Rxc4 25. b3 Rc2 26. Rbc1 Rxc1 27.
Rxc1 Bb2 28. Rb1 Bxa3 29. g3 Bb4 30. f4 f5 31. Nf2 Rd2 0-1

[Event "VIII Weekend A"]
[Site "Porto Sant'Elpidio ITA"]
[Date "2005.11.19"]
[Round "1"]
[White "Faini, Ivano"]
[Black "Miandro, Roberto"]
[Result "0-1"]
[WhiteElo "1822"]
[BlackElo "2092"]
[PlyCount "100"]
[EventDate "2005.11.19"]

1. e4 c5 2. Nf3 d6 3. d4 cxd4 4. Nxd4 Nf6 5. Nc3 a6 6. f4 e5 7. Nb3 Be7 8. Bd3
b5 9. O-O O-O 10. Qe1 Bb7 11. f5 b4 12. Ne2 d5 13. Ng3 h6 14. Qe2 d4 15. Nh5
Nbd7 16. Nxf6+ Nxf6 17. Rf3 Kh7 18. Rh3 Rh8 19. Nd2 Kg8 20. Nf1 Qc7 21. Ng3 Qc6
22. Bd2 a5 23. Re1 Ba6 24. Bxa6 Qxa6 25. Qf3 Rc8 26. Rc1 Rc6 27. Nh5 Nxh5 28.
Rxh5 Qc8 29. Qd3 Bf6 30. h3 Qf8 31. Qb5 Rc5 32. Qd3 g6 33. fxg6 fxg6 34. Qg3
Qg7 35. Qb3+ Qf7 36. Qxf7+ Kxf7 37. Rxh6 Rxh6 38. Bxh6 g5 39. h4 Kg6 40. Bf8
Rc8 41. Bd6 Rc6 42. Bb8 gxh4 43. Kf2 Bg5 44. Re1 Rxc2+ 45. Re2 d3 46. Kf1 dxe2+
47. Ke1 h3 48. Bxe5 hxg2 49. Bd4 Bh4+ 50. Bf2 g1=Q# 0-1

[Event "VIII Weekend A"]
[Site "Porto Sant'Elpidio ITA"]
[Date "2005.11.19"]
[Round "1"]
[White "Fioravanti, Emidio"]
[Black "Palmizi, Alessandro"]
[Result "1-0"]
[WhiteElo "2049"]
[BlackElo "1802"]
[PlyCount "117"]
[EventDate "2005.11.19"]

1. e4 d6 2. d4 g6 3. Nc3 Bg7 4. Be3 a6 5. h4 h5 6. Be2 Bh6 7. Bxh6 Nxh6 8. f3
Nc6 9. Qd2 e5 10. dxe5 Nxe5 11. O-O-O Be6 12. Qd4 O-O 13. Nd5 f6 14. Nh3 Kg7
15. Nhf4 Bd7 16. Ne3 Qe8 17. Nfd5 c5 18. Qc3 Rd8 19. Nc7 Qe7 20. Ncd5 Qe8 21.
Rhg1 Qf7 22. g4 hxg4 23. fxg4 Ng8 24. h5 g5 25. Nf5+ Bxf5 26. gxf5 Kh6 27. Kb1
Rfe8 28. Rg2 Ne7 29. Nc7 Rg8 30. Ne6 Rd7 31. Bc4 Nxc4 32. Qxc4 b5 33. Qe2 Nc6
34. a4 Rb8 35. Qd2 Qe7 36. Nxc5 dxc5 37. Qxd7 Qxd7 38. Rxd7 Rd8 39. Rxd8 Nxd8
40. axb5 axb5 41. Rd2 Nf7 42. Rd7 Ne5 43. Rd6 g4 44. Rxf6+ Kxh5 45. Rf8 g3 46.
Rg8 Ng4 47. f6 g2 48. f7 g1=Q+ 49. Ka2 c4 50. f8=Q Qa7+ 51. Qa3 Qxa3+ 52. Kxa3
Nf6 53. Rh8+ Kg6 54. e5 Nd5 55. Rd8 Ne7 56. Rd6+ Kf5 57. e6 Ke5 58. Rb6 b4+ 59.
Rxb4 1-0

[Event "VIII Weekend A"]
[Site "Porto Sant'Elpidio ITA"]
[Date "2005.11.19"]
[Round "1"]
[White "Paci, Stefano"]
[Black "Di Martino, Antonio"]
[Result "1/2-1/2"]
[WhiteElo "2144"]
[BlackElo "2015"]
[PlyCount "112"]
[EventDate "2005.11.19"]

1. d4 d5 2. Nf3 Nf6 3. c4 e6 4. Nc3 Be7 5. Bg5 O-O 6. e3 Nbd7 7. Qc2 c6 8. cxd5
exd5 9. Bd3 h6 10. Bh4 Re8 11. O-O Nh5 12. Bxe7 Qxe7 13. Rab1 Nhf6 14. b4 a6
15. a4 Ne4 16. b5 axb5 17. axb5 Nxc3 18. Qxc3 c5 19. dxc5 Qxc5 20. Qd2 Nf6 21.
Rfc1 Qb6 22. Nd4 Bd7 23. Qb4 Rec8 24. Nf5 Rxc1+ 25. Rxc1 Bxf5 26. Bxf5 g6 27.
Bd3 Qa5 28. Rc8+ Kh7 29. Qxa5 Rxa5 30. g3 Ra3 31. Be2 Ne4 32. Bf3 Rb3 33. Rc7
Rxb5 34. Rxf7+ Kg8 35. Rd7 Nf6 36. Rd8+ Kf7 37. h4 Ke7 38. Rh8 h5 39. Kg2 Rb2
40. Rc8 Kd7 41. Rf8 Ke7 42. Rc8 b5 43. Rc7+ Kd6 44. Rg7 b4 45. Rxg6 Ke6 46.
Bxh5 b3 47. Bf3 Kf7 48. Rg5 Rxf2+ 49. Kxf2 b2 50. Bxd5+ Nxd5 51. Rxd5 b1=Q 52.
Rd4 Ke6 53. Rf4 Ke5 54. Kf3 Qd1+ 55. Kf2 Qd2+ 56. Kf3 Qh2 1/2-1/2

[Event "VIII Weekend A"]
[Site "Porto Sant'Elpidio ITA"]
[Date "2005.11.19"]
[Round "1"]
[White "Padovani, Alessio"]
[Black "Marozzi, Giovanni"]
[Result "0-1"]
[WhiteElo "2014"]
[BlackElo "2121"]
[PlyCount "106"]
[EventDate "2005.11.19"]

1. e4 c6 2. d4 d5 3. exd5 cxd5 4. Nc3 Bf5 5. Bd3 Bxd3 6. Qxd3 a6 7. Bf4 Nc6 8.
Nge2 e6 9. O-O Bd6 10. Bxd6 Qxd6 11. a3 Nf6 12. Rfd1 O-O 13. Qg3 Qxg3 14. Nxg3
Rfc8 15. Na4 Nd7 16. b4 b5 17. Nc5 Nxc5 18. bxc5 Rcb8 19. c3 a5 20. Rab1 Ra7
21. Ne2 Rab7 22. f4 b4 23. axb4 axb4 24. cxb4 Rxb4 25. Rxb4 Rxb4 26. Rd2 h5 27.
h3 g6 28. Kf2 Kg7 29. Kf3 Kf6 30. g4 Rb3+ 31. Kg2 hxg4 32. hxg4 g5 33. fxg5+
Kxg5 34. Ra2 Rd3 35. Ra4 Kxg4 36. Ra6 Nxd4 37. Ra4 e5 38. Nxd4 exd4 39. c6 Rd2+
40. Kf1 Kf3 41. Ke1 Ke3 42. Ra5 Rc2 43. Kd1 Rxc6 44. Rxd5 Rf6 45. Re5+ Kd3 46.
Kc1 Rf2 47. Re7 f5 48. Rh7 f4 49. Rh3+ f3 50. Rg3 Ke2 51. Rg4 Rf1+ 52. Kc2 d3+
53. Kc3 Rc1+ 0-1

[Event "VIII Weekend A"]
[Site "Porto Sant'Elpidio ITA"]
[Date "2005.11.19"]
[Round "1"]
[White "Perogio, Lorenzo"]
[Black "Bastarelli, Giuseppe"]
[Result "0-1"]
[WhiteElo "1886"]
[BlackElo "2104"]
[PlyCount "80"]
[EventDate "2005.11.19"]

1. e4 c5 2. Nc3 Nc6 3. g3 g6 4. Bg2 Bg7 5. d3 e6 6. Be3 d6 7. Nge2 Nd4 8. Qd2
Rb8 9. O-O Ne7 10. f4 O-O 11. g4 f5 12. gxf5 gxf5 13. Ng3 b5 14. a3 a5 15. Kh1
b4 16. axb4 axb4 17. Nd1 Bd7 18. Bg1 Qc7 19. Ne3 Bc6 20. Ra6 Ra8 21. Rxa8 Rxa8
22. c3 bxc3 23. bxc3 Nb5 24. exf5 Bxc3 25. Qc2 exf5 26. Ngxf5 Nxf5 27. Nxf5 Kh8
28. d4 Rg8 29. d5 Bd7 30. Nh6 Rg7 31. f5 Qd8 32. Be3 Qh4 33. h3 Be5 34. Qd2 Nc3
35. Bg5 Qg3 36. Ng4 Nxd5 37. Bxd5 Qxh3+ 38. Nh2 Rxg5 39. Rg1 Rh5 40. Rg2 Bxh2
0-1

[Event "VIII Weekend A"]
[Site "Porto Sant'Elpidio ITA"]
[Date "2005.11.19"]
[Round "1"]
[White "Rinaudo, Andrea"]
[Black "Benaglia, Giovanni"]
[Result "1/2-1/2"]
[WhiteElo "2120"]
[BlackElo "2008"]
[PlyCount "66"]
[EventDate "2005.11.19"]

1. e4 e6 2. d4 d5 3. exd5 exd5 4. Bd3 Nc6 5. c3 Bd6 6. Qf3 Nge7 7. Ne2 Be6 8.
Bf4 Qd7 9. Bxd6 Qxd6 10. Nd2 O-O-O 11. O-O-O h5 12. Qf4 Qxf4 13. Nxf4 Bf5 14.
Rhe1 g5 15. Bxf5+ Nxf5 16. Nd3 Rde8 17. Kc2 b6 18. Nf1 f6 19. Kd2 Kd7 20. b3
Rxe1 21. Rxe1 Re8 22. Rxe8 Kxe8 23. Ne3 Nxe3 24. Kxe3 Kd7 25. f4 Ke6 26. fxg5
fxg5 27. h4 Kf5 28. hxg5 Kxg5 29. Nf4 Ne7 30. Kf3 c6 31. g3 Nf5 32. Ne6+ Kf6
33. Nf4 Kg5 1/2-1/2

[Event "VIII Weekend A"]
[Site "Porto Sant'Elpidio ITA"]
[Date "2005.11.19"]
[Round "1"]
[White "Rinaudo, Sergio"]
[Black "Paolini, Fabio"]
[Result "1/2-1/2"]
[WhiteElo "2093"]
[BlackElo "1868"]
[PlyCount "81"]
[EventDate "2005.11.19"]

1. d4 f5 2. Nf3 Nf6 3. g3 d5 4. Bg2 e6 5. O-O Be7 6. c4 c6 7. Nc3 O-O 8. Bf4
Nbd7 9. Qb3 Ne4 10. Nd2 Qb6 11. Qxb6 Nxb6 12. Ndxe4 fxe4 13. c5 Nd7 14. b4 Bf6
15. Rfd1 e5 16. Be3 exd4 17. Bxd4 Ne5 18. f4 exf3 19. exf3 Nxf3+ 20. Bxf3 Bxd4+
21. Rxd4 Rxf3 22. Rc1 Bd7 23. Kg2 Raf8 24. Rd2 Be8 25. Nd1 Rf1 26. Rcc2 Bg6 27.
Rb2 Be4+ 28. Kh3 R8f6 29. Nf2 Bf3 30. Ng4 Rg6 31. Rd4 Rd1 32. Rf4 Bxg4+ 33.
Rxg4 Rxg4 34. Kxg4 Rd4+ 35. Kf5 Kf7 36. Ke5 Re4+ 37. Kd6 Re6+ 38. Kc7 Re7+ 39.
Kd8 Re8+ 40. Kc7 Re7+ 41. Kd8 1/2-1/2

[Event "VIII Weekend A"]
[Site "Porto Sant'Elpidio ITA"]
[Date "2005.11.20"]
[Round "2"]
[White "Bastarelli, Giuseppe"]
[Black "Allegranti, Luca"]
[Result "1-0"]
[WhiteElo "2104"]
[BlackElo "2024"]
[PlyCount "103"]
[EventDate "2005.11.19"]

1. d4 f5 2. Nf3 Nf6 3. c4 g6 4. Nc3 Bg7 5. Bf4 d6 6. h3 c6 7. e3 Na6 8. Be2 Nc7
9. Qc2 Bd7 10. O-O O-O 11. b4 a6 12. a4 h6 13. Bh2 g5 14. c5 Be6 15. Nd2 d5 16.
Rab1 g4 17. hxg4 Nxg4 18. Bf4 Bd7 19. f3 Nf6 20. Bd3 Nh5 21. Bxc7 Qxc7 22. f4
b6 23. cxb6 Qxb6 24. Nb3 Ng3 25. Rfe1 Ne4 26. Nxe4 fxe4 27. Be2 Rf6 28. Nc5 Be8
29. a5 Qb8 30. Qd2 Qc8 31. Kf2 Bd7 32. Qd1 Rf7 33. Rh1 e5 34. dxe5 Bxe5 35.
Rxh6 Bg7 36. Rg6 Bf5 37. Rg5 Kf8 38. g4 Bd7 39. Kg3 Ra7 40. Qd2 Ke7 41. Rh1 Bf6
42. Rg6 Rg7 43. Rxg7+ Bxg7 44. Rh7 Qg8 45. Rh5 Bc8 46. Qc1 Kd8 47. Qh1 Kc7 48.
Rg5 Qf7 49. Qh7 Kb8 50. Rg6 Qc7 51. Qg8 Bc3 52. Nxa6+ 1-0

[Event "VIII Weekend A"]
[Site "Porto Sant'Elpidio ITA"]
[Date "2005.11.20"]
[Round "2"]
[White "Benaglia, Giovanni"]
[Black "Paci, Stefano"]
[Result "1-0"]
[WhiteElo "2008"]
[BlackElo "2144"]
[PlyCount "100"]
[EventDate "2005.11.19"]

1. d4 d5 2. Nf3 Nf6 3. e3 g6 4. c4 c6 5. Nc3 Bg7 6. Qb3 O-O 7. Be2 e6 8. O-O
Nbd7 9. Rd1 Qe7 10. Bd2 Nb6 11. cxd5 exd5 12. Na4 Nxa4 13. Qxa4 Re8 14. Bb4 Qc7
15. Rac1 Bg4 16. h3 Bxf3 17. Bxf3 Ne4 18. Be1 f5 19. b4 a6 20. Qb3 Kh8 21. Qxd5
Rad8 22. Qb3 Qb6 23. Bxe4 Rxe4 24. d5 cxd5 25. Rxd5 Rde8 26. Rd7 Qe6 27. Qxe6
R4xe6 28. Rcc7 Bf6 29. Bc3 Bxc3 30. Rxc3 R8e7 31. Rc8+ Kg7 32. Rcc7 Kf6 33.
Rxb7 Rxd7 34. Rxd7 h5 35. a4 Rc6 36. g3 Ke6 37. Ra7 Rb6 38. a5 Rc6 39. Rb7 Kd5
40. Kg2 Kc4 41. Rb6 Kd5 42. b5 axb5 43. Rxb5+ Ke4 44. Rb6 Rc5 45. Rb4+ Ke5 46.
Ra4 Rc7 47. a6 Ra7 48. h4 Kf6 49. Kf3 Ke5 50. Ra5+ Kf6 1-0

[Event "VIII Weekend A"]
[Site "Porto Sant'Elpidio ITA"]
[Date "2005.11.20"]
[Round "2"]
[White "Di Martino, Antonio"]
[Black "Paolini, Fabio"]
[Result "1-0"]
[WhiteElo "2015"]
[BlackElo "1868"]
[PlyCount "133"]
[EventDate "2005.11.19"]

1. e4 e5 2. Nf3 Nf6 3. Nc3 Bb4 4. d3 O-O 5. Be2 d6 6. O-O Bxc3 7. bxc3 h6 8. h3
c6 9. c4 Nbd7 10. Be3 d5 11. cxd5 cxd5 12. exd5 Nxd5 13. Qd2 Re8 14. c4 e4 15.
cxd5 exf3 16. Bxf3 Nf6 17. Rab1 Nxd5 18. Rb5 Nxe3 19. fxe3 Rb8 20. Bd5 Be6 21.
e4 a6 22. Bxe6 Rxe6 23. Rd5 Qb6+ 24. Qf2 Qxf2+ 25. Rxf2 Kf8 26. Rdf5 f6 27. e5
Ke7 28. exf6+ Rxf6 29. Rxf6 gxf6 30. Rb2 b5 31. Kf2 Ke6 32. Ke3 Kd5 33. Rb4 Rb6
34. Rd4+ Kc5 35. Rh4 f5 36. Rh5 Re6+ 37. Kd2 Rf6 38. g4 Kd4 39. Rxf5 Rxf5 40.
gxf5 Ke5 41. Kc3 a5 42. f6 Kxf6 43. Kd4 a4 44. Kc5 Ke5 45. Kxb5 a3 46. Kb4 Kd4
47. Kxa3 Kxd3 48. Kb4 Kd4 49. a4 Kd5 50. Kb5 Kd6 51. Kb6 Kd7 52. Kb7 h5 53. a5
Ke6 54. a6 Kf5 55. a7 Kf4 56. a8=Q Kg3 57. Qa3+ Kh2 58. Kc6 h4 59. Qe3 Kg2 60.
Kd5 Kh2 61. Ke4 Kg2 62. Kf4 Kh2 63. Kg4 Kg2 64. Qf3+ Kh2 65. Qe2+ Kh1 66. Kf3
Kg1 67. Qg2# 1-0

[Event "VIII Weekend A"]
[Site "Porto Sant'Elpidio ITA"]
[Date "2005.11.20"]
[Round "2"]
[White "Fioravanti, Diego"]
[Black "Cerusico, Carlo"]
[Result "1-0"]
[WhiteElo "2152"]
[BlackElo "1466"]
[PlyCount "85"]
[EventDate "2005.11.19"]

1. e4 e6 2. d4 d5 3. Nd2 c5 4. exd5 Qxd5 5. Ngf3 cxd4 6. Bc4 Qd8 7. O-O Nc6 8.
Nb3 a6 9. Nbxd4 Nge7 10. Re1 Qc7 11. b3 Nxd4 12. Nxd4 Ng6 13. Bb2 b5 14. Bd5
Bb7 15. Bxe6 Bd6 16. Bd5+ Ne7 17. Bxb7 Qxb7 18. Nf5 Bc5 19. Qd6 O-O 20. Nxe7+
Kh8 21. Qh6 f6 22. Ng6+ Kg8 23. Qh5 hxg6 24. Qxc5 Rac8 25. Qe3 Rxc2 26. Bd4
Rcc8 27. h3 Rfe8 28. Qf3 Rxe1+ 29. Rxe1 Qxf3 30. gxf3 b4 31. Re2 Kf7 32. Kg2 g5
33. Kg3 f5 34. f4 gxf4+ 35. Kxf4 Rh8 36. Re3 Rh4+ 37. Ke5 f4 38. Rd3 g6 39. Bb6
g5 40. Ba5 g4 41. hxg4 Rxg4 42. Bxb4 Kg6 43. Rd6+ 1-0

[Event "VIII Weekend A"]
[Site "Porto Sant'Elpidio ITA"]
[Date "2005.11.20"]
[Round "2"]
[White "Marozzi, Giovanni"]
[Black "Fioravanti, Emidio"]
[Result "0-1"]
[WhiteElo "2121"]
[BlackElo "2049"]
[PlyCount "82"]
[EventDate "2005.11.19"]

1. d4 Nf6 2. Bf4 d6 3. e3 Nbd7 4. Nf3 b6 5. c4 c5 6. d5 g6 7. Nc3 Bg7 8. e4 Nh5
9. Bd2 Ne5 10. Be2 Nxf3+ 11. Bxf3 Nf6 12. Qc1 Bg4 13. Bh6 O-O 14. Bxg7 Kxg7 15.
Qf4 Bxf3 16. Qxf3 Nd7 17. g4 Ne5 18. Qe2 Qc8 19. h3 Qa6 20. b3 Qa5 21. Kd2 Nd7
22. f4 e5 23. f5 Nf6 24. Rag1 a6 25. a4 b5 26. h4 bxc4 27. bxc4 Rab8 28. Rb1
Rb4 29. Kc2 Rfb8 30. g5 Nh5 31. f6+ Kf8 32. Qd2 Ke8 33. Kd3 Rxb1 34. Rxb1 Rxb1
35. Nxb1 Nf4+ 36. Ke3 Qxa4 37. Qb2 Qb4 38. Qc2 Qe1+ 39. Kf3 Qf1+ 40. Ke3 Ng2+
41. Kd2 Qe1+ 0-1

[Event "VIII Weekend A"]
[Site "Porto Sant'Elpidio ITA"]
[Date "2005.11.20"]
[Round "2"]
[White "Miandro, Roberto"]
[Black "Di Donatantonio, Franco"]
[Result "1-0"]
[WhiteElo "2092"]
[BlackElo "2027"]
[PlyCount "39"]
[EventDate "2005.11.19"]

1. c4 c5 2. Nf3 Nf6 3. Nc3 Nc6 4. d4 cxd4 5. Nxd4 d6 6. g3 g6 7. Bg2 Bd7 8. b3
Bg7 9. Bb2 Nxd4 10. Qxd4 Bc6 11. O-O O-O 12. Qd3 Nd7 13. e4 Qa5 14. Qc2 Qe5 15.
Nd1 Qe6 16. Bxg7 Kxg7 17. Nc3 Rac8 18. Qd3 Kg8 19. f4 Nc5 20. Qd4 $139 1-0

[Event "VIII Weekend A"]
[Site "Porto Sant'Elpidio ITA"]
[Date "2005.11.20"]
[Round "2"]
[White "Padovani, Alessio"]
[Black "Faini, Ivano"]
[Result "1-0"]
[WhiteElo "2014"]
[BlackElo "1822"]
[PlyCount "120"]
[EventDate "2005.11.19"]

1. e4 d5 2. e5 c5 3. d4 Bf5 4. Nf3 e6 5. Bb5+ Nc6 6. O-O Rc8 7. c3 Bg4 8. h3
Bxf3 9. Qxf3 a6 10. Bxc6+ Rxc6 11. Be3 cxd4 12. Bxd4 Bc5 13. Bxc5 Rxc5 14. Nd2
Ne7 15. Nb3 Rb5 16. Rfd1 Qc7 17. Qe2 Ng6 18. Re1 Qb6 19. Rab1 a5 20. Nd4 Rc5
21. Qg4 O-O 22. Re3 Rfc8 23. Qg3 Qa6 24. h4 Ne7 25. Qg5 Nf5 26. Nxf5 exf5 27.
Qxf5 Qe6 28. Qxe6 fxe6 29. f4 b5 30. Rbe1 b4 31. cxb4 axb4 32. Rb3 Rc4 33. g3
Kf7 34. Re2 Kg6 35. Kf2 Kf5 36. Kf3 h5 37. a3 bxa3 38. bxa3 Ra8 39. Rd2 Rca4
40. Rdd3 R4a7 41. Ke2 Ra4 42. Kd2 Re4 43. Rb7 Kg6 44. Rb6 Kf5 45. Rc3 Rea4 46.
Rbb3 g6 47. Kc2 Re4 48. Rb7 Rf8 49. Rb4 Re2+ 50. Kb3 Kg4 51. f5+ Kh3 52. fxe6
Rxe5 53. Rb6 Rf6 54. Kb4 Rff5 55. e7 Re4+ 56. Kb3 d4 57. Rd3 Rfe5 58. Kc4 Rxe7
59. Rxg6 Re3 60. Rd6 Rxg3 1-0

[Event "VIII Weekend A"]
[Site "Porto Sant'Elpidio ITA"]
[Date "2005.11.20"]
[Round "2"]
[White "Palmizi, Alessandro"]
[Black "Perogio, Lorenzo"]
[Result "1/2-1/2"]
[WhiteElo "1802"]
[BlackElo "1886"]
[PlyCount "78"]
[EventDate "2005.11.19"]

1. e4 e5 2. Nf3 Nc6 3. Bc4 Nf6 4. Nc3 Nxe4 5. Bxf7+ Kxf7 6. Nxe4 d5 7. Ng3 e4
8. Ng1 Bc5 9. N1e2 Bg4 10. h3 Bxe2 11. Qxe2 Nd4 12. Qd1 Rf8 13. O-O Kg8 14. c3
Ne6 15. d4 Bd6 16. Qg4 Qf6 17. Be3 Rf7 18. Rad1 Raf8 19. a3 Bf4 20. Nh5 Qh6 21.
Nxf4 Nxf4 22. Bxf4 Qxf4 23. Qxf4 Rxf4 24. Rde1 R4f7 25. b4 b5 26. Re2 Rf6 27.
Re3 Ra6 28. Ra1 Rff6 29. Re2 Rfc6 30. Rc2 Kf7 31. g3 Rf6 32. Re2 Rf3 33. Re3
Raf6 34. Ra2 Ke7 35. Kg2 h5 36. Rae2 g5 37. Rc2 Kd7 38. Ra2 g4 39. h4 Kc8
1/2-1/2